|
|
|
|
| LEADER |
02971nam a2200793 a 4500 |
| 001 |
nkc20112255701 |
| 003 |
CZ PrNK |
| 005 |
20120216111607.0 |
| 007 |
ta |
| 008 |
120124s2011 xr ac e c 000 0 cze |
| 015 |
|
|
|a cnb002255701
|
| 020 |
|
|
|a 978-80-904766-5-3
|q (brož.)
|
| 035 |
|
|
|a (OCoLC)780138381
|
| 040 |
|
|
|a ABA001
|b cze
|d OLA001
|
| 041 |
1 |
|
|a cze
|b eng
|h cze
|
| 043 |
|
|
|a e-xr---
|b e-xr-pg
|2 czenas
|
| 045 |
|
|
|a y0y1
|
| 072 |
|
7 |
|a 75
|x Malířství
|2 Konspekt
|9 21
|
| 080 |
|
|
|a 72/76:069
|2 MRF
|
| 080 |
|
|
|a 75(437.3)
|2 MRF
|
| 080 |
|
|
|a 75.036/.038
|2 MRF
|
| 080 |
|
|
|a 316.346.2-055.2
|2 MRF
|
| 080 |
|
|
|a 7.04
|2 MRF
|
| 080 |
|
|
|a 72/76:069.9
|2 MRF
|
| 080 |
|
|
|a 7.091
|2 MRF
|
| 080 |
|
|
|a (437.311)
|2 MRF
|
| 080 |
|
|
|a (437.3)
|2 MRF
|
| 080 |
|
|
|a (083.824)
|2 MRF
|
| 245 |
0 |
0 |
|a Domácí úkoly & obrazy z cest =
|b Homework & paintings from journeys : 2009-2011 /
|c [editor(ka) Monika Lipinová]
|
| 246 |
3 |
|
|a Domácí úkoly a obrazy z cest 2009-2011
|
| 246 |
3 |
|
|a Homework and paintings from journeys 2009-2011
|
| 246 |
3 |
1 |
|a Homework & paintings from journeys
|
| 246 |
1 |
8 |
|a Galerie La Femme 2009-2011
|
| 250 |
|
|
|a 3. vyd.
|
| 260 |
|
|
|a V Ostravě :
|b Ámos,
|c 2011
|
| 300 |
|
|
|a 107 s. :
|b barev. il., portréty ;
|c 22 cm
|
| 500 |
|
|
|a Název z obálky
|
| 500 |
|
|
|a Nad názvem: Galerie La Femme
|
| 546 |
|
|
|a Souběžný anglický text včetně popisek k vyobrazením
|
| 648 |
|
7 |
|a 21. století
|7 ch460559
|2 czenas
|
| 648 |
|
7 |
|a 2001-2020
|7 ch460601
|2 czenas
|
| 648 |
|
4 |
|a 2009-2011
|
| 650 |
0 |
7 |
|a galerie
|7 ph120462
|z Česko
|2 czenas
|
| 650 |
0 |
7 |
|a české malířství
|7 ph116864
|y 21. stol.
|2 czenas
|
| 650 |
0 |
7 |
|a moderní malířství
|7 ph122940
|z Česko
|2 czenas
|
| 650 |
0 |
7 |
|a ženy
|7 ph127967
|2 czenas
|
| 650 |
0 |
7 |
|a umělecké náměty
|7 ph138227
|2 czenas
|
| 650 |
0 |
7 |
|a umělecké výstavy
|7 ph135854
|z Česko
|y 2001-2020
|2 czenas
|
| 650 |
0 |
7 |
|a umělecká sympozia
|7 ph135219
|y 2001-2020
|2 czenas
|
| 650 |
0 |
9 |
|a art galleries
|z Czechia
|2 eczenas
|
| 650 |
0 |
9 |
|a Czech painting
|y 21st century
|2 eczenas
|
| 650 |
0 |
9 |
|a modern painting
|z Czechia
|2 eczenas
|
| 650 |
0 |
9 |
|a women
|2 eczenas
|
| 650 |
0 |
9 |
|a artistic themes
|2 eczenas
|
| 650 |
0 |
9 |
|a art exhibitions
|z Czechia
|y 2001-2020
|2 eczenas
|
| 650 |
0 |
9 |
|a art symposiums
|y 2001-2020
|2 eczenas
|
| 655 |
|
7 |
|a katalogy výstav
|7 fd132536
|2 czenas
|
| 655 |
|
9 |
|a exhibition catalogs
|2 eczenas
|
| 610 |
2 |
7 |
|a Galerie La Femme (Praha, Česko)
|7 kn20071114005
|2 czenas
|
| 651 |
|
7 |
|a Praha (Česko)
|7 ge118011
|2 czenas
|
| 651 |
|
9 |
|a Prague (Czechia)
|2 eczenas
|
| 700 |
1 |
|
|a Lipinová, Monika,
|d 1978-
|7 jx20071113036
|4 edt
|
| 710 |
2 |
|
|a Galerie La Femme (Ostrava, Česko)
|7 xx0082246
|
| 787 |
0 |
8 |
|i Volné pokračování katalogu:
|t Domácí úkoly a obrazy z cest, aneb, S Galerií La Femme se nenudíte
|
| 910 |
2 |
|
|a BOA001
|b 2-1276.784
|
| 990 |
|
|
|a BK
|
| 995 |
|
|
|a 01
|
| 991 |
|
|
|b 201202
|c NOV
|e n
|
| 996 |
6 |
|
|b 2610500833
|c 2-1276.784
|l MZK
|r Sklad / do 1 hodiny
|n 0
|p p.v.
|w 001225330
|u 000010
|a 1
|e BOA001
|j MZK50
|s P
|